| 000 | 00693nam a2200205Ia 4500 | ||
|---|---|---|---|
| 003 | GCL | ||
| 008 | 140319s9999 xx 000 0 ara d | ||
| 020 | _a6308495085 | ||
| 040 |
_aGCL / _cGCL |
||
| 082 | 0 | 4 |
_a210.951 _bل ا |
| 100 | 1 | _aلين، تشانغ قوانغ | |
| 245 | 1 | 0 |
_aالاسلام فى الصين / _cلين، تشانغ قوانغ |
| 260 |
_aالصين : _bدار النشر الصينية عبر القارات |
||
| 300 |
_a120 ص ؛ _c22 سم |
||
| 650 | 0 | 4 | _aالاسلام - الصين |
| 650 | 0 | 4 | _aانتشار الاسلام - الصين |
| 650 | 0 | 4 | _aالمساجد - الصين |
| 650 | 0 | 4 | _aالجمعية الاسلامية الصينية |
| 942 |
_2ddc _cBK |
||
| 999 |
_c9032 _d9032 |
||